000 01265nam a2200349 i 4500
001 000020681
003 DO-SdBNP
005 20250109101637.0
007 ta
008 100812s2019 dr r 000 spaspa d
040 _aDO-SdBNP
_bspa
_cBNPHU
_erda
082 4 _a659.1092
_bF697c
_2 22
100 _aForcadell Feliu, Sergio,
_eautor
_4aut.
_943433
245 1 0 _aCien Anécdotas de un publicista + 13 de ñapa /
_cSergio Forcadell Feliu
246 1 0 _a100 anécdotas de un publicista + 13 de ñapa :
250 _aPrimera edición
264 4 _aSanto Domingo :
_bEditora La Unión,
_c2019.
300 _a292 páginas ;
_c23 cm.
336 _atexto
_btxt
_2rdacontent
337 _asin mediación
_bn
_2rdamedia
338 _avolumen
_bnc
_2rdacarrier
500 _aIncluye datos biográficos del autor en las solapas
500 _aIncluye referencias bibliográficas y notas al pie de las páginas
500 _aPor qué ir al cine o a teatro si puedes comprar este libre?
590 _aInventariado, 2020/VM
650 4 _aAnécdotas, chistes, sátiras, etc.
_v
_976626
650 4 _aHumorismo
_vColecciones.
_976627
650 4 _aAnécdotas,
_vcolecciones
_976628
650 4 _aCreatividad
_942183
942 _2ddc
_cLBS1
956 _aVatentina Mateo
999 _c20185
_d20185